Landmarks of European Countries #1 - Statistics

General Stats
  • This quiz has been taken 625 times
  • The average score is 13 of 20
Answer Stats
Landmark Country % Correct
Acropolis Greece
99%
The Kremlin Russia
96%
Loch Ness United Kingdom
93%
Arc De Triomphe France
91%
The Anne Frank House Netherlands
87%
The Little Mermaid Denmark
86%
Neuschwanstein Castle Germany
83%
Santiago Bernabéu Stadium Spain
82%
Matterhorn Switzerland/Italy
80%
St. Peter's Square Vatican City
72%
Mosteiro dos Jerónimos Portugal
62%
The Charles Bridge Czech Republic
61%
The Théâtre Princesse Grace Monaco
54%
Cliffs of Moher Ireland
44%
Old Bridge of Mostar Bosnia and Herzegovina
42%
Peleș Castle Romania
37%
High Tatras Poland/Slovakia
34%
Dohány Street Synagogue Hungary
31%
Strokkur Iceland
31%
Devil's Town Serbia
13%
No matching quizzes found
Score Distribution
Percent of People with Each Score
Percentile by Number Answered
Your Score History
You have not taken this quiz